[Event "DEM U18 2014"]
[Site "Magdeburg GER"]
[Date "2014.06.10"]
[Round "5"]
[White "Kramer, Julian"]
[Black "Möhn, Hans"]
[Result "0-1"]
[Termination "normal"]
[Board "5"]
[WhiteElo "2129"]
[BlackElo "2222"]
[WhiteClock "00:01:38"]
[BlackClock "00:03:58"]
[PlyCount "314"]
[WhiteFideId "12921742"]
[BlackFideId "24647837"]
[EventCountry "GER"]
[EventRounds "9"]
[EventType "swiss"]
[EventDate "2014.06.07"]

1. e4 c5 2. Nf3 e6 3. d4 cxd4 4. Nxd4 a6 5. Bd3 Nf6 6. O-O e5 7. Nf3 Nc6 8. Qe2
Bc5 9. Be3 Bxe3 10. Qxe3 O-O 11. Nc3 d6 12. Bc4 Na5 13. Bb3 Qc7 14. Rfd1 Nxb3
15. axb3 Be6 16. h3 Rfd8 17. Rd2 Qc6 18. Rad1 Rd7 19. Nd5 Bxd5 20. exd5 Qc7 21.
c3 Rc8 22. Nh2 Qc5 23. Qe2 a5 24. Ng4 Nxg4 25. hxg4 Qb6 26. g3 Qxb3 27. Kg2 a4
28. Qe4 a3 29. Qf5 Rdc7 30. bxa3 Qxc3 31. g5 Rc4 32. Rd3 Qa5 33. Rh1 g6 34. Qh3
h5 35. gxh6 Kh7 36. Qd7 Qc7 37. Qb5 Rc5 38. Qb4 Qe7 39. Rh4 R8c7 40. Rd2 Qf6
41. Re4 Rc3 42. Re3 Rxe3 43. fxe3 Kxh6 44. Rf2 Qe7 45. g4 Kg7 46. Kg3 Rc5 47.
Qb3 Qc7 48. Qd1 Rc3 49. Qf3 Qe7 50. a4 e4 51. Qf4 g5 52. Qf5 Rxe3+ 53. Kg2 Rc3
54. Rb2 Qf6 55. Qxe4 Rc1 56. Rf2 Qe5 57. Qf3 Rc7 58. Re2 Qf6 59. Qe4 Qg6 60.
Qd4+ Qf6 61. Qe4 Rc5 62. Rd2 Qg6 63. Qd4+ Qf6 64. Qe4 Rc8 65. Rf2 Qe5 66. Qf3
Rf8 67. Re2 Qf6 68. Qe4 Rh8 69. a5 Qa1 70. Re1 Qb2+ 71. Re2 Qf6 72. Re1 Ra8 73.
Rf1 Qe5 74. Qf3 Rf8 75. Rf2 Qd4 76. Qf5 Qe5 77. Qf3 Qf4 78. Qxf4 gxf4 79. Rxf4
Ra8 80. Ra4 Ra6 81. Rb4 Rxa5 82. Rxb7 Rxd5 83. Kf3 Kf6 84. Ke4 Re5+ 85. Kf4 Ke6
86. Rb6 Ra5 87. Rb4 Rc5 88. Ra4 Rb5 89. Re4+ Re5 90. Ra4 Re1 91. Ra5 Rf1+ 92.
Ke3 Rb1 93. Kf4 Rb4+ 94. Kf3 Rc4 95. Rb5 Rc5 96. Rb7 Ra5 97. Kf4 Re5 98. Rb8
Ke7 99. Rb7+ Kf6 100. Rb6 Re6 101. Rb5 Re1 102. Ra5 Ke6 103. Rb5 Rf1+ 104. Ke3
Ke7 105. Ke4 Rc1 106. Kf4 Ke6 107. Ra5 Rc4+ 108. Kf3 d5 109. Ra7 Rc3+ 110. Kf4
Rc4+ 111. Kf3 Rb4 112. Rc7 Rb3+ 113. Kf4 Rb4+ 114. Kf3 Re4 115. Ra7 Re1 116.
Ra8 Rf1+ 117. Ke3 Re1+ 118. Kf4 Re4+ 119. Kf3 Rb4 120. Ra7 Kf6 121. Rd7 Rd4
122. Ra7 Re4 123. Rd7 Re5 124. Kf4 Re4+ 125. Kf3 Ke6 126. Ra7 f6 127. Ra8 Kd6
128. Ra5 Re7 129. Ra6+ Ke5 130. Ra1 Rb7 131. Re1+ Kd4 132. Rd1+ Kc4 133. Rc1+
Kd4 134. Rd1+ Kc5 135. Rc1+ Kd6 136. Rd1 Rb4 137. Ra1 Ke5 138. Re1+ Re4 139.
Ra1 Rf4+ 140. Kg3 f5 141. gxf5 Rxf5 142. Kg4 Rf4+ 143. Kg3 d4 144. Re1+ Re4
145. Kf2 d3 146. Ra1 Re2+ 147. Kf3 Kd4 148. Ra4+ Kc3 149. Ra3+ Kc4 150. Ra8 Re7
151. Kf2 d2 152. Rc8+ Kb3 153. Rd8 Kc2 154. Rc8+ Kd1 155. Ra8 Rf7+ 156. Ke3 Ke1
157. Rh8 d1=Q 0-1

[Event "DEM U18 2014"]
[Site "Magdeburg GER"]
[Date "2014.06.10"]
[Round "5"]
[White "Gibicar, Danijel"]
[Black "Stahnecker, Ludwig"]
[Result "1/2-1/2"]
[Termination "normal"]
[Board "6"]
[WhiteElo "2181"]
[BlackElo "2126"]
[WhiteClock "00:27:32"]
[BlackClock "01:12:08"]
[PlyCount "45"]
[WhiteFideId "24660256"]
[BlackFideId "24692026"]
[EventCountry "GER"]
[EventRounds "9"]
[EventType "swiss"]
[EventDate "2014.06.07"]

1. d4 Nf6 2. c4 e6 3. g3 d5 4. Nf3 Bb4+ 5. Bd2 Be7 6. Bg2 O-O 7. O-O c6 8. Qc2
b6 9. Rd1 Ba6 10. b3 Nbd7 11. Bf4 Rc8 12. Nc3 Nh5 13. Bc1 Nhf6 14. Bf4 dxc4 15.
e4 Bb4 16. Nd2 Qe7 17. a3 Bxc3 18. Qxc3 cxb3 19. Nxb3 Rfe8 20. Qb4 e5 21. dxe5
Nxe5 22. Qxe7 Rxe7 23. Nd4 1/2-1/2

[Event "DEM U18 2014"]
[Site "Magdeburg GER"]
[Date "2014.06.10"]
[Round "5"]
[White "Kvetny, Mark"]
[Black "Ruff, Maximilian"]
[Result "1-0"]
[Termination "normal"]
[Board "7"]
[WhiteElo "2279"]
[BlackElo "2166"]
[WhiteClock "00:27:39"]
[BlackClock "00:29:45"]
[PlyCount "85"]
[WhiteFideId "24603929"]
[BlackFideId "1271670"]
[EventCountry "GER"]
[EventRounds "9"]
[EventType "swiss"]
[EventDate "2014.06.07"]

1. d4 d5 2. c4 c6 3. Nf3 Nf6 4. Nc3 e6 5. Bg5 Nbd7 6. e3 Qa5 7. cxd5 Nxd5 8.
Qd2 Bb4 9. Rc1 h6 10. Bh4 c5 11. a3 Bxc3 12. bxc3 b6 13. Bd3 Ba6 14. c4 Qxd2+
15. Nxd2 Ne7 16. f3 f5 17. Ke2 Kf7 18. g4 g6 19. Rhg1 Nc6 20. d5 exd5 21. gxf5
g5 22. cxd5 Bxd3+ 23. Kxd3 Ne7 24. Bg3 Nxd5 25. e4 Ne7 26. Nc4 Kf6 27. Ke3 Nc6
28. Be1 b5 29. Bc3+ Nd4 30. Nd6 Ne5 31. Nb7 Rhc8 32. Bb2 Ndxf3 33. Rg3 g4 34.
Rxg4 Nd4 35. Rg3 Ke7 36. Nxc5 Nxf5+ 37. exf5 Nc4+ 38. Rxc4 bxc4 39. Rg7+ Kd6
40. Ne4+ Kc6 41. Rg6+ Kd7 42. Be5 Rc6 43. Rg7+ 1-0

[Event "DEM U18 2014"]
[Site "Magdeburg GER"]
[Date "2014.06.10"]
[Round "5"]
[White "Tennert, Simon"]
[Black "Zimmermann, Christian"]
[Result "0-1"]
[Termination "normal"]
[Board "9"]
[WhiteElo "2190"]
[BlackElo "2068"]
[PlyCount "70"]
[WhiteFideId "1270445"]
[BlackFideId "24692069"]
[EventCountry "GER"]
[EventRounds "9"]
[EventType "swiss"]
[EventDate "2014.06.07"]

1. e4 c5 2. Nf3 d6 3. d4 cxd4 4. Nxd4 Nf6 5. Nc3 a6 6. Be3 e6 7. Be2 Nbd7 8. f4
Qc7 9. Bf3 Nb6 10. Bf2 Nc4 11. Qc1 Bd7 12. O-O Rc8 13. Re1 b5 14. b3 Na5 15. e5
Qxc3 16. exf6 gxf6 17. Bh5 e5 18. Qd1 Rg8 19. Re3 Qc7 20. Qd3 Rg7 21. Rd1 Nc6
22. Nf5 Bxf5 23. Qxf5 Be7 24. fxe5 Nxe5 25. Qf4 Qxc2 26. Rde1 Rg5 27. Bd1 Qg6
28. g3 Qf5 29. Qd4 Kf8 30. a4 bxa4 31. Qxa4 a5 32. Rf1 Qh3 33. Qe4 Rg6 34. Re2
f5 35. Qd4 Nf3+ 0-1

[Event "DEM U18 2014"]
[Site "Magdeburg GER"]
[Date "2014.06.10"]
[Round "5"]
[White "Xu, Xianliang"]
[Black "Moritz, Aron"]
[Result "0-1"]
[Termination "normal"]
[Board "10"]
[WhiteElo "2097"]
[BlackElo "2183"]
[PlyCount "120"]
[WhiteFideId "4603230"]
[BlackFideId "24672319"]
[EventCountry "GER"]
[EventRounds "9"]
[EventType "swiss"]
[EventDate "2014.06.07"]

1. d4 Nf6 2. c4 g6 3. Nf3 Bg7 4. g3 O-O 5. Bg2 d6 6. O-O Nbd7 7. Nc3 e5 8. e4
c6 9. Re1 Qa5 10. h3 exd4 11. Nxd4 Ne5 12. Bf1 Re8 13. Be3 c5 14. Nb3 Qb4 15.
Bg5 Be6 16. a3 Qb6 17. Nd2 Nc6 18. Nf3 Nd7 19. Qc2 Nde5 20. Nxe5 Nxe5 21. Kg2
Nxc4 22. Na4 Qc6 23. Bxc4 Bxc4 24. Qxc4 b5 25. Qc2 bxa4 26. Bd2 Rab8 27. Bc3
Bxc3 28. bxc3 Rb3 29. c4 f5 30. f3 fxe4 31. fxe4 Qb7 32. Re2 Rf8 33. Qd2 Qf7
34. Re3 Qxc4 35. Rae1 Rxe3 36. Qxe3 Qb3 37. Qe2 Qc3 38. Rb1 Rf7 39. Rb8+ Kg7
40. Qb2 Qxb2+ 41. Rxb2 Kf8 42. Rb5 Ke7 43. Ra5 Ke6 44. Rxa4 Ke5 45. Rc4 d5 46.
Rxc5 Kxe4 47. Rc8 d4 48. Re8+ Kd3 49. Rd8 Kc3 50. Rc8+ Kd2 51. a4 d3 52. a5 Kd1
53. a6 d2 54. Rb8 Rf6 55. Rb7 Rxa6 56. Rxh7 Ra2 57. Rc7 Ke2 58. Re7+ Kd3 59.
Rd7+ Kc4 60. h4 d1=Q+ 0-1

[Event "DEM U18 2014"]
[Site "Magdeburg GER"]
[Date "2014.06.10"]
[Round "5"]
[White "Galkin, Wladislaw"]
[Black "Meyers, Mark"]
[Result "0-1"]
[Termination "normal"]
[Board "11"]
[WhiteElo "2109"]
[BlackElo "1987"]
[PlyCount "122"]
[WhiteFideId "4603192"]
[BlackFideId "12927716"]
[EventCountry "GER"]
[EventRounds "9"]
[EventType "swiss"]
[EventDate "2014.06.07"]

1. c4 c5 2. g3 g6 3. Bg2 Bg7 4. Nc3 Nc6 5. Nf3 d6 6. O-O e6 7. d3 Nge7 8. Bg5
h6 9. Bd2 O-O 10. a3 b6 11. Rb1 Bb7 12. Qc1 Kh7 13. b4 Qd7 14. Ne4 d5 15. Nc3
cxb4 16. axb4 Rac8 17. Rd1 Nf5 18. c5 Ncd4 19. Nxd4 Nxd4 20. Qa3 Bc6 21. e3 Nb5
22. Nxb5 Bxb5 23. Bc3 d4 24. Bxd4 Bxd4 25. exd4 Qxd4 26. Qxa7 bxc5 27. bxc5
Qxc5 28. Qxc5 Rxc5 29. d4 Rh5 30. g4 Rg5 31. h4 Rxg4 32. Rxb5 Rxh4 33. Rb7 Kg7
34. Rd7 Rf4 35. Bh3 Rf6 36. Rb1 g5 37. Bg4 Kg6 38. Be2 Ra8 39. Rb2 Ra4 40. Rb8
Ra1+ 41. Kg2 Ra2 42. Rg8+ Kh7 43. Rf8 Kg7 44. Rdd8 Rxe2 45. Rh8 Kg6 46. d5
Rexf2+ 47. Kg1 exd5 48. Rxd5 Ra2 49. Rg8+ Kh5 50. Rh8 Rb6 51. Rd1 f5 52. Rf8
Kg4 53. Rc8 Rbb2 54. Rc4+ f4 55. Rc6 h5 56. Kh1 Rh2+ 57. Kg1 Rag2+ 58. Kf1 Rh1+
59. Kxg2 Rxd1 60. Rc3 f3+ 61. Kh2 Rd2+ 0-1

[Event "DEM U18 2014"]
[Site "Magdeburg GER"]
[Date "2014.06.10"]
[Round "5"]
[White "Grimm, Julius"]
[Black "Brinkmann, Fabian"]
[Result "1-0"]
[Termination "normal"]
[Board "12"]
[WhiteElo "1959"]
[BlackElo "1821"]
[PlyCount "43"]
[WhiteFideId "12916986"]
[BlackFideId "24661414"]
[EventCountry "GER"]
[EventRounds "9"]
[EventType "swiss"]
[EventDate "2014.06.07"]

1. d4 d5 2. c4 c6 3. Nc3 Nf6 4. Nf3 dxc4 5. a4 Bf5 6. Ne5 Nbd7 7. Nxc4 Qc7 8.
g3 e5 9. dxe5 Nxe5 10. Bf4 Rd8 11. Qc1 Bd6 12. Nxd6+ Qxd6 13. Bg2 O-O 14. O-O
Qe7 15. b3 Ng6 16. Be3 Ne4 17. Nxe4 Bxe4 18. Bc5 Qe6 19. Bxe4 Qxe4 20. Bxf8
Nxf8 21. Rd1 Rxd1+ 22. Qxd1 1-0

[Event "DEM U18 2014"]
[Site "Magdeburg GER"]
[Date "2014.06.10"]
[Round "5"]
[White "Holle, Cedric"]
[Black "Schreiber, Kevin"]
[Result "0-1"]
[Termination "normal"]
[Board "13"]
[WhiteElo "1964"]
[BlackElo "1958"]
[PlyCount "96"]
[WhiteFideId "24692158"]
[BlackFideId "24655830"]
[EventCountry "GER"]
[EventRounds "9"]
[EventType "swiss"]
[EventDate "2014.06.07"]

1. e4 c5 2. Nf3 e6 3. d4 cxd4 4. Nxd4 Nc6 5. Be3 Qc7 6. Nc3 a6 7. Nxc6 bxc6 8.
Bd3 Nf6 9. O-O Be7 10. f4 d5 11. e5 Nd7 12. Qg4 g6 13. Ne2 c5 14. c3 Bb7 15.
Rad1 O-O-O 16. b4 c4 17. Bc2 Rdg8 18. Nd4 h5 19. Qe2 Nf8 20. b5 g5 21. b6 Qb8
22. Rde1 gxf4 23. Bxf4 Ng6 24. Bxg6 Rxg6 25. a4 a5 26. Qb2 Ba6 27. Kh1 Kd7 28.
Rb1 Qb7 29. Be3 f6 30. exf6 Bxf6 31. Rf2 Rh7 32. Qc2 Rhg7 33. Re2 Be5 34. Bg1
Qb8 35. Nf3 Bd6 36. Bd4 Rg8 37. Qd2 Bf4 38. Qe1 Bb7 39. Rb5 Qa8 40. Qh4 Bd6 41.
Qxh5 Qf8 42. Qh7+ Kc8 43. Rc5+ Kb8 44. Rc7 Bxc7 45. Qxc7+ Ka8 46. Rf2 Rxg2 47.
Rf1 Rc2 48. h4 Qf5 0-1

[Event "DEM U18 2014"]
[Site "Magdeburg GER"]
[Date "2014.06.10"]
[Round "5"]
[White "Pixa, Richard"]
[Black "Adiyaman, Rene"]
[Result "1-0"]
[Termination "normal"]
[Board "15"]
[WhiteElo "1957"]
[BlackElo "1837"]
[PlyCount "125"]
[WhiteFideId "4626095"]
[BlackFideId "12910414"]
[EventCountry "GER"]
[EventRounds "9"]
[EventType "swiss"]
[EventDate "2014.06.07"]

1. d4 d5 2. c4 c6 3. cxd5 cxd5 4. Nc3 Nf6 5. Nf3 Nc6 6. Bf4 Nh5 7. Bg3 Nxg3 8.
hxg3 e6 9. e3 Bb4 10. Bd3 Qa5 11. Qd2 h6 12. O-O Bd7 13. Rfc1 O-O 14. a3 Be7
15. b4 Qd8 16. Bb5 a6 17. Bxc6 Bxc6 18. Ne5 Be8 19. Nd3 Bc6 20. Ne2 Bd6 21. Nc5
Qe7 22. Rc3 Rfc8 23. Rac1 Rc7 24. Nf4 Rac8 25. Nfd3 Bb5 26. a4 Be8 27. Qb2 b6
28. Nxa6 Rxc3 29. Rxc3 Rxc3 30. Qxc3 Bxa4 31. Qc8+ Qe8 32. Qb7 Qc6 33. Qa7 Bb5
34. Ne5 Bxe5 35. dxe5 Qc8 36. Nc7 Bd7 37. Qxb6 f6 38. exf6 gxf6 39. Qd6 Be8 40.
Qxe6+ Qxe6 41. Nxe6 Kf7 42. Nd4 Bd7 43. Kf1 Ke7 44. Ke2 Kd6 45. f3 f5 46. Kd3
Ke5 47. Kc3 Kd6 48. Kb3 h5 49. Kc3 Kc7 50. Ne2 Bb5 51. Nf4 Kd6 52. Nxh5 Bf1 53.
Nf4 Ke5 54. Nd3+ Kd6 55. Kd4 Bxg2 56. Ne5 Bf1 57. g4 fxg4 58. fxg4 Bg2 59. b5
Be4 60. b6 Bb1 61. g5 Bf5 62. g6 Be6 63. Nf7+ 1-0

[Event "DEM U18 2014"]
[Site "Magdeburg GER"]
[Date "2014.06.11"]
[Round "6"]
[White "Powierski, Emil"]
[Black "Carow, Johannes"]
[Result "0-1"]
[Termination "normal"]
[Board "1"]
[BlackTitle "FM"]
[WhiteElo "2286"]
[BlackElo "2393"]
[WhiteClock "00:00:37"]
[BlackClock "00:15:30"]
[PlyCount "52"]
[WhiteFideId "4656199"]
[BlackFideId "24692050"]
[EventCountry "GER"]
[EventRounds "9"]
[EventType "swiss"]
[EventDate "2014.06.07"]

1. e4 c5 2. Nf3 Nc6 3. d4 cxd4 4. Nxd4 Qb6 5. Nb3 Nf6 6. Nc3 e6 7. a3 Be7 8.
Bf4 O-O 9. e5 Ne8 10. Bd3 f6 11. Qh5 g6 12. Bxg6 hxg6 13. Qxg6+ Ng7 14. Bh6 Rf7
15. exf6 Bxf6 16. Ne4 Bxb2 17. Be3 Ne5 18. Qg5 Qc6 19. Rb1 Qxe4 20. Rxb2 Nc4
21. Ra2 Nxe3 22. fxe3 b6 23. h4 Ba6 24. h5 Rf5 25. Qg3 Qe5 26. Qxe5 Rxe5 0-1

[Event "DEM U18 2014"]
[Site "Magdeburg GER"]
[Date "2014.06.11"]
[Round "6"]
[White "Grötzbach, Julian"]
[Black "Ott, Florian"]
[Result "1-0"]
[Termination "normal"]
[Board "2"]
[WhiteElo "2197"]
[BlackElo "2133"]
[WhiteClock "00:07:16"]
[BlackClock "00:05:17"]
[PlyCount "67"]
[WhiteFideId "24600938"]
[BlackFideId "12900281"]
[EventCountry "GER"]
[EventRounds "9"]
[EventType "swiss"]
[EventDate "2014.06.07"]

1. e4 e6 2. d4 d5 3. Nd2 h6 4. Ngf3 Nf6 5. e5 Nfd7 6. Bd3 c5 7. c3 Nc6 8. a3
Qb6 9. Qa4 Be7 10. O-O g5 11. Bb5 a6 12. Bxc6 Qxc6 13. Qd1 cxd4 14. cxd4 a5 15.
Nb1 b5 16. Nc3 Ba6 17. Be3 Nb6 18. Nd2 Nc4 19. Nxc4 Qxc4 20. Re1 Qc6 21. Rc1
Qd7 22. Qf3 b4 23. axb4 Bxb4 24. Bd2 Rc8 25. Ra1 Rc4 26. Qe3 Qa7 27. Ne2 Qb6
28. Bc3 O-O 29. h4 Qd8 30. Ng3 gxh4 31. Qxh6 hxg3 32. Re3 f5 33. Rxg3+ Kf7 34.
Rg7+ 1-0

[Event "DEM U18 2014"]
[Site "Magdeburg GER"]
[Date "2014.06.11"]
[Round "6"]
[White "Yankelevich, Lev"]
[Black "Kvetny, Mark"]
[Result "1-0"]
[Termination "normal"]
[Board "3"]
[WhiteElo "2343"]
[BlackElo "2279"]
[WhiteClock "00:26:40"]
[BlackClock "00:10:12"]
[PlyCount "55"]
[WhiteFideId "24684074"]
[BlackFideId "24603929"]
[EventCountry "GER"]
[EventRounds "9"]
[EventType "swiss"]
[EventDate "2014.06.07"]

1. e4 c5 2. Nf3 d6 3. Nc3 Nf6 4. d4 cxd4 5. Nxd4 a6 6. h3 e5 7. Nde2 b5 8. g4
b4 9. Nd5 Nxd5 10. exd5 Be7 11. Bg2 O-O 12. Ng3 a5 13. O-O Na6 14. f4 exf4 15.
Bxf4 Bf6 16. Ne4 Bxb2 17. Bxd6 Qb6+ 18. Kh1 Rd8 19. Rb1 Bd4 20. c3 Bc5 21. Bg3
Bf8 22. cxb4 axb4 23. Qf3 Ra7 24. Bf2 Nc5 25. Rbc1 Ba6 26. Rfd1 Rc7 27. d6 Bxd6
28. Bxc5 1-0

[Event "DEM U18 2014"]
[Site "Magdeburg GER"]
[Date "2014.06.11"]
[Round "6"]
[White "Möhn, Hans"]
[Black "Lampert, Jonas"]
[Result "0-1"]
[Termination "normal"]
[Board "4"]
[WhiteElo "2222"]
[BlackElo "2397"]
[WhiteClock "00:01:12"]
[BlackClock "00:04:26"]
[PlyCount "136"]
[WhiteFideId "24647837"]
[BlackFideId "1303759"]
[EventCountry "GER"]
[EventRounds "9"]
[EventType "swiss"]
[EventDate "2014.06.07"]

1. d4 d5 2. c4 c6 3. Nf3 Nf6 4. g3 Bf5 5. Bg2 e6 6. O-O h6 7. Nc3 Nbd7 8. Qb3
Qb6 9. c5 Qa6 10. Re1 b6 11. cxb6 axb6 12. Nd2 Be7 13. e4 dxe4 14. Ndxe4 Nxe4
15. Nxe4 O-O 16. Be3 Rfc8 17. a3 Bxe4 18. Bxe4 Nf6 19. Bf3 Nd5 20. Rac1 Bf6 21.
Rc4 b5 22. Rc5 Be7 23. Rc2 b4 24. Bxd5 cxd5 25. Rxc8+ Rxc8 26. axb4 Qc4 27.
Qxc4 Rxc4 28. Rc1 Rxb4 29. Rc8+ Kh7 30. Rc7 Bf6 31. Rxf7 Rxb2 32. Rc7 Kg6 33.
Rc1 Kf5 34. Kf1 Rb4 35. Rd1 Ke4 36. Re1 Kf3 37. h3 Rb2 38. Rd1 Bg5 39. Re1 Rc2
40. h4 Bf6 41. Rd1 Ra2 42. Rc1 e5 43. Rc3 Ra1+ 44. Bc1+ Ke4 45. dxe5 Bxe5 46.
Re3+ Kf5 47. Re1 Bc3 48. Rd1 Bb2 49. Rxd5+ Ke4 50. Kg2 Rxc1 51. Rd8 Rc2 52.
Re8+ Kd3 53. Re3+ Kc4 54. Re8 Bd4 55. Rf8 Rb2 56. Kg1 Kd3 57. Kg2 Rb6 58. Ra8
Rf6 59. Ra2 Rf8 60. Kg1 Rb8 61. Ra5 Ke2 62. Kg2 Rb2 63. f4 Ke3+ 64. Kh3 Kf3 65.
Ra3+ Be3 66. Rc3 Rb6 67. h5 Rb1 68. Kh2 Rb5 0-1

[Event "DEM U18 2014"]
[Site "Magdeburg GER"]
[Date "2014.06.11"]
[Round "6"]
[White "Gibicar, Danijel"]
[Black "Noe, Christopher"]
[Result "1-0"]
[Termination "normal"]
[Board "5"]
[BlackTitle "FM"]
[WhiteElo "2181"]
[BlackElo "2328"]
[WhiteClock "00:20:14"]
[BlackClock "00:39:27"]
[PlyCount "100"]
[WhiteFideId "24660256"]
[BlackFideId "24692018"]
[EventCountry "GER"]
[EventRounds "9"]
[EventType "swiss"]
[EventDate "2014.06.07"]

1. d4 Nf6 2. c4 b6 3. Nf3 Bb7 4. Nc3 e6 5. a3 Be7 6. Qc2 c5 7. e4 cxd4 8. Nxd4
d6 9. f3 O-O 10. Be2 Nbd7 11. O-O Rc8 12. Kh1 a6 13. Be3 Qc7 14. Rfd1 Qb8 15.
Qd2 Bd8 16. Nb3 Bc7 17. a4 d5 18. cxd5 exd5 19. exd5 Bxh2 20. Nd4 Rfe8 21. Nf5
g6 22. d6 Rxc3 23. bxc3 gxf5 24. Kxh2 Nd5 25. Bf2 Qxd6+ 26. Kg1 Qg6 27. c4 Rxe2
28. Qxe2 Nf4 29. Qe8+ Kg7 30. Bd4+ Kh6 31. Rd2 Nf6 32. Bxf6 Qxf6 33. Re1 Bxf3
34. Qe3 Qh4 35. Qf2 Nxg2 36. Qxh4+ Nxh4 37. Kf2 Be4 38. Rg1 Ng6 39. Rd6 Kh5 40.
Rxb6 Ne5 41. Rxa6 Nxc4 42. Ra7 Ne5 43. Re7 Nc6 44. Rxf7 h6 45. Ke3 Ne5 46. Re7
Nc4+ 47. Kf4 Nb6 48. Rxe4 fxe4 49. a5 Nd5+ 50. Kxe4 Nb4 1-0

[Event "DEM U18 2014"]
[Site "Magdeburg GER"]
[Date "2014.06.11"]
[Round "6"]
[White "Stahnecker, Ludwig"]
[Black "Krause, Benedict"]
[Result "1/2-1/2"]
[Termination "normal"]
[Board "6"]
[WhiteElo "2126"]
[BlackElo "2255"]
[WhiteClock "00:46:01"]
[BlackClock "00:29:13"]
[PlyCount "41"]
[WhiteFideId "24692026"]
[BlackFideId "12917990"]
[EventCountry "GER"]
[EventRounds "9"]
[EventType "swiss"]
[EventDate "2014.06.07"]

1. e4 c6 2. d4 d5 3. exd5 cxd5 4. c4 Nf6 5. Nc3 Nc6 6. Nf3 g6 7. cxd5 Nxd5 8.
Bc4 Nxc3 9. bxc3 Bg7 10. O-O O-O 11. Re1 Bg4 12. h3 Bxf3 13. Qxf3 Nxd4 14. cxd4
Qxd4 15. Ba3 Qxc4 16. Rac1 Qa6 17. Rxe7 Rad8 18. Rxb7 Rd3 19. Rxa7 Qxa7 20.
Qxd3 Ra8 21. Bc5 1/2-1/2

[Event "DEM U18 2014"]
[Site "Magdeburg GER"]
[Date "2014.06.11"]
[Round "6"]
[White "Moritz, Aron"]
[Black "Müller, Nick"]
[Result "1/2-1/2"]
[Termination "normal"]
[Board "7"]
[WhiteElo "2183"]
[BlackElo "2120"]
[WhiteClock "00:21:30"]
[BlackClock "00:34:59"]
[PlyCount "40"]
[WhiteFideId "24672319"]
[BlackFideId "24692093"]
[EventCountry "GER"]
[EventRounds "9"]
[EventType "swiss"]
[EventDate "2014.06.07"]

1. e4 e5 2. Nf3 Nc6 3. Bb5 a6 4. Ba4 Nf6 5. O-O Be7 6. d3 d6 7. c3 O-O 8. Re1
b5 9. Bc2 Nb8 10. a4 Bb7 11. Nbd2 Nbd7 12. Nf1 Re8 13. Ng3 g6 14. d4 Bf8 15.
Qd3 c6 16. h3 Qc7 17. axb5 axb5 18. Rxa8 Bxa8 19. Bd2 Bg7 20. Bb1 Qb6 1/2-1/2

[Event "DEM U18 2014"]
[Site "Magdeburg GER"]
[Date "2014.06.11"]
[Round "6"]
[White "Meyers, Mark"]
[Black "Grimm, Julius"]
[Result "1/2-1/2"]
[Termination "normal"]
[Board "8"]
[WhiteElo "1987"]
[BlackElo "1959"]
[WhiteClock "00:53:37"]
[BlackClock "00:42:47"]
[PlyCount "42"]
[WhiteFideId "12927716"]
[BlackFideId "12916986"]
[EventCountry "GER"]
[EventRounds "9"]
[EventType "swiss"]
[EventDate "2014.06.07"]

1. Nf3 d5 2. g3 Nf6 3. Bg2 c6 4. c4 g6 5. O-O Bg7 6. d3 O-O 7. Nbd2 Re8 8. Rb1
a5 9. e4 dxe4 10. Nxe4 Nxe4 11. dxe4 Qc7 12. Bf4 e5 13. Be3 Bg4 14. h3 Bxf3 15.
Qxf3 Na6 16. Qe2 Bf8 17. h4 Bc5 18. Bh6 Bf8 19. Bg5 Be7 20. Bh6 Bf8 21. Bg5 Be7
1/2-1/2

[Event "DEM U18 2014"]
[Site "Magdeburg GER"]
[Date "2014.06.11"]
[Round "6"]
[White "Zimmermann, Christian"]
[Black "Kramer, Julian"]
[Result "1/2-1/2"]
[Termination "normal"]
[Board "9"]
[WhiteElo "2068"]
[BlackElo "2129"]
[PlyCount "147"]
[WhiteFideId "24692069"]
[BlackFideId "12921742"]
[EventCountry "GER"]
[EventRounds "9"]
[EventType "swiss"]
[EventDate "2014.06.07"]

1. e4 c5 2. Nf3 d6 3. d4 cxd4 4. Nxd4 Nf6 5. Nc3 a6 6. Be3 e5 7. Nb3 Be6 8. f3
Be7 9. Qd2 O-O 10. O-O-O a5 11. Qe1 Qc8 12. a4 Na6 13. g4 Nb4 14. g5 Ne8 15. f4
f5 16. gxf6 Nxf6 17. Bg2 b5 18. axb5 a4 19. Na1 a3 20. b3 Ng4 21. Bh3 exf4 22.
Bd4 Ne3 23. Bxe6+ Qxe6 24. Rd2 Rac8 25. Nd5 Nbxd5 26. exd5 Qf5 27. c4 Bf6 28.
Bxf6 Qxf6 29. Kb1 Rfe8 30. Qf2 a2+ 31. Rxa2 Qf5+ 32. Kb2 Qe5+ 33. Kc1 Nxd5 34.
Nc2 Ne3 35. Rg1 d5 36. Ra7 Re7 37. Rxe7 Qxe7 38. Qxf4 Nxc2 39. Kxc2 dxc4 40.
bxc4 Qe2+ 41. Kc3 Qe7 42. Qg5 Qa3+ 43. Kd4 Qb2+ 44. Kd5 h6 45. Qxh6 Rd8+ 46.
Kc6 Rc8+ 47. Kb7 Rf8 48. Qe6+ Rf7+ 49. Kc6 Qxh2 50. Ra1 Qc7+ 51. Kd5 Qb7+ 52.
Kd4 Kf8 53. Re1 Qb8 54. b6 Qd8+ 55. Kc5 Rf6 56. Qe8+ Qxe8 57. Rxe8+ Kxe8 58. b7
Rf5+ 59. Kc6 Rf6+ 60. Kc7 Rf7+ 61. Kc8 Rf4 62. b8=Q Rxc4+ 63. Kb7+ Kf7 64. Qd6
Re4 65. Qd5+ Re6 66. Kc7 Ke7 67. Qg5+ Kf7 68. Kd7 Rf6 69. Qh5+ Kg8 70. Ke7 Rh6
71. Qd5+ Kh8 72. Qd8+ Kh7 73. Qd3+ Kg8 74. Qd8+ 1/2-1/2

[Event "DEM U18 2014"]
[Site "Magdeburg GER"]
[Date "2014.06.11"]
[Round "6"]
[White "Ruff, Maximilian"]
[Black "Pixa, Richard"]
[Result "0-1"]
[Termination "normal"]
[Board "10"]
[WhiteElo "2166"]
[BlackElo "1957"]
[PlyCount "84"]
[WhiteFideId "1271670"]
[BlackFideId "4626095"]
[EventCountry "GER"]
[EventRounds "9"]
[EventType "swiss"]
[EventDate "2014.06.07"]

1. e4 e6 2. d4 d5 3. Nc3 Nf6 4. Bg5 Bb4 5. e5 h6 6. Be3 Ne4 7. Qg4 g6 8. a3
Bxc3+ 9. bxc3 c5 10. Bd3 Qa5 11. Ne2 cxd4 12. Bxd4 Nc6 13. O-O Nc5 14. Qf4 Nd7
15. h4 b6 16. h5 g5 17. Qe3 Ba6 18. f4 g4 19. f5 Bxd3 20. cxd3 O-O-O 21. fxe6
fxe6 22. Nf4 Rde8 23. Ng6 Rh7 24. Rf4 Nxd4 25. cxd4 Kb7 26. Rff1 Nb8 27. Nf8
Rc7 28. Qxh6 Qc3 29. Nxe6 Rce7 30. Rac1 Qxd3 31. Rfd1 Qe2 32. Re1 Qd3 33. Rcd1
Qxa3 34. Nf4 Qa2 35. e6 g3 36. Qg5 Qf2+ 37. Kh1 Nc6 38. Nxd5 Rxe6 39. Rxe6 Rxe6
40. Qg7+ Ne7 41. Rg1 Qxg1+ 42. Kxg1 Re1# 0-1

[Event "DEM U18 2014"]
[Site "Magdeburg GER"]
[Date "2014.06.11"]
[Round "6"]
[White "Weber, Daniel"]
[Black "Humburg, Philipp"]
[Result "0-1"]
[Termination "normal"]
[Board "11"]
[WhiteElo "2007"]
[BlackElo "2102"]
[PlyCount "92"]
[WhiteFideId "24615498"]
[BlackFideId "24656151"]
[EventCountry "GER"]
[EventRounds "9"]
[EventType "swiss"]
[EventDate "2014.06.07"]

1. d4 Nf6 2. c4 g6 3. Nc3 Bg7 4. e4 d6 5. f3 O-O 6. Be3 a6 7. Nge2 Nbd7 8. Qd2
c5 9. Rd1 b6 10. Nc1 Bb7 11. Nb3 e6 12. Be2 Qc7 13. O-O Rfd8 14. Qe1 cxd4 15.
Bxd4 Ne5 16. Na4 Nfd7 17. Qb4 a5 18. Bxb6 axb4 19. Bxc7 Rdc8 20. Ba5 Bc6 21.
Nb6 Nxb6 22. Bxb6 Rxa2 23. Rxd6 Rxb2 24. Nc1 Bf8 25. Rd8 Rxd8 26. Bxd8 Bc5+ 27.
Kh1 Kg7 28. Bc7 Nd7 29. Bd1 Be3 30. Nd3 Rb1 31. Ne5 Nxe5 32. Bxe5+ f6 33. Bd6
b3 34. Be2 Rb2 35. Bd1 Rd2 36. Bb4 b2 37. Bb3 Rf2 38. Rb1 Bc1 39. Kg1 Re2 40.
Bd1 Be3+ 41. Kh1 Rf2 42. Bb3 Bd4 43. h3 f5 44. exf5 gxf5 45. Rd1 Rxf3 46. Ba2
Rxh3# 0-1